| 000 | 01252nam0a2200337 4500 | ||
|---|---|---|---|
| 001 | RU\NLR\BIBL_A\010205521 | ||
| 005 | 20260406080822.0 | ||
| 010 |
_a978-5-9780-0541-7 _940000 |
||
| 021 |
_aRU _b2014-102 _96 |
||
| 021 |
_aRU _b2016-14045 _9905 |
||
| 035 | _a(NILC)RuMoRGB-006728376 | ||
| 035 | _a(NLR Aleph) 010205521 | ||
| 090 |
_a10249855 _c10249855 |
||
| 100 | _a20140311d2014 |||y0rusy50 ca | ||
| 101 | 0 | _arus | |
| 102 | _aRU | ||
| 105 | _aa|||j||||00yy | ||
| 200 | 1 |
_aБукварь _eпособие по обучению детей 5-6 лет правильному чтению _fН. С. Жукова |
|
| 210 |
_aЕкатеринбург _cЛИТУР _d2014 |
||
| 215 |
_a95 с. _cцв. ил. _d25 |
||
| 225 | 1 | _aРекомендовано Министерством образования РФ | |
| 333 | _a0+ | ||
| 606 | 1 |
_aРусский язык _jБуквари _91533567 _3RU\NLR\AUTH\66969347 |
|
| 686 | 3 | _aШ141.12-921б | |
| 700 | 1 |
_7ca _8rus _aЖукова _bН. С. _cканд. пед. наук _gНадежда Сергеевна _926744 _3RU\NLR\AUTH\7743801 |
|
| 801 | 0 |
_aRU _bРГБ _c20140128 _gRCR |
|
| 801 | 1 |
_aRU _bРГБ _c20140128 _2rusmarc |
|
| 942 | _cBOOK | ||
| 980 | _aNB | ||